000 00248nam a2200097Ia 4500
008 170619s9999 xx 000 0 und d
100 _aCollins- Jack
245 0 _aMechanical Design of Machine Elements and Machine
260 _bWiley-India
260 _c2011
546 _aENGLISH
999 _c20563
_d20563